| 000 | 00482nam a22001937a 4500 | ||
|---|---|---|---|
| 999 |
_c233605 _d233605 |
||
| 003 | Nust | ||
| 005 | 20180607042650.0 | ||
| 008 | 170309b xxu||||| |||| 00| 0 eng d | ||
| 020 |
_a9788184001501 _cRs. 347 |
||
| 038 | _aArshad | ||
| 040 | _aNUST- Fiction | ||
| 082 |
_a823 _bMOH |
||
| 100 |
_aMohsin, Moni _911074 |
||
| 245 |
_aTender Hooks / _cby Moni Mohsin |
||
| 300 | _a250 p. | ||
| 650 |
_aSocial conditions _97457 |
||
| 650 |
_aHumorous stories _98281 |
||
| 942 |
_2ddc _cBK |
||